[Event "POL-ch U20 Girls"]
[Site "Karpacz"]
[Date "2022.11.27"]
[Round "9"]
[White "Budkiewicz, Magdalena"]
[Black "Kochanowska, Patrycja"]
[Result "1-0"]
[WhiteElo "1814"]
[BlackElo "1211"]
[PlyCount "85"]
[EventDate "2022.11.19"]
[EventType "swiss"]
[EventRounds "9"]
[EventCountry "POL"]
[SourceTitle "EXT 2024"]
[Source "ChessBase"]
[SourceDate "2023.10.10"]
[SourceVersion "1"]
[SourceVersionDate "2023.10.10"]
[SourceQuality "1"]

1. e4 c5 2. Nf3 e6 3. d4 cxd4 4. Nxd4 a6 5. Bd3 Qc7 6. 0-0 b5 7. a4 b4 8. Qe2 Bb7 9. c3 Nf6 10. Bd2 Nc6 11. Nf3 Be7 12. Rc1 bxc3 13. Nxc3 0-0 14. Bg5 d6 15. b4 Qb6 16. a5 Qd8 17. Rab1 d5 18. exd5 Nxd5 19. Nxd5 Bxg5 20. Ne3 Bxe3 21. Qxe3 Qd6 22. Ng5 h6 23. Ne4 Qd5 24. Nc5 Bc8 25. Be4 Qd6 26. Nxe6 Bxe6 27. Rxc6 Qe7 28. Bd3 Rfb8 29. Qe4 g6 30. Rxa6 Rxa6 31. Bxa6 Qa7 32. Qe2 Bf5 33. Bd3 Bxd3 34. Qxd3 h5 35. a6 Rb6 36. b5 Qc7 37. h3 Rd6 38. Qe3 Rd8 39. b6 Qc2 40. Qb3 Qc6 41. b7 Qxa6 42. b8Q Rxb8 43. Qxb8+ 1-0